|
|
|
|
| LEADER |
00745cam a2200229 a 4500 |
| 001 |
0000083444 |
| 005 |
20070129090000.0 |
| 040 |
|
|
|a mod
|
| 041 |
|
|
|a eng
|
| 020 |
0 |
0 |
|a 0793136857
|
| 090 |
0 |
0 |
|a 658.4092
|b COR
|e 2000
|
| 100 |
1 |
0 |
|a Corbin
|h Carolyn
|
| 245 |
1 |
0 |
|a Great leaders see the future first
|b taking your organizations to the top in five revolutionary steps
|c Carolyn Corbin
|
| 260 |
0 |
0 |
|a Illinois
|b Dearborn
|c 2000
|
| 300 |
0 |
0 |
|a xii, 227 p.
|c 24 cm
|
| 500 |
0 |
0 |
|a Includes bibliographical references and index
|
| 650 |
0 |
0 |
|a Strategic planning
|
| 650 |
0 |
0 |
|a Executive ability
|
| 650 |
0 |
0 |
|a Management
|
| 650 |
0 |
0 |
|a Leadership
|
| 852 |
0 |
0 |
|a 01
|
| 999 |
|
|
|a 0253214
|b KEMENTAH
|d BOOKS
|e Pusat Sumber Kepimpinan
|f Perpustakaan KEMENTAH
|j AVAILABLE
|p 1
|q GOOD CONDITION
|